000 00420nam a22001697a 4500
003 MPLRDC
005 20220104124338.0
008 210129b ||||| |||| 00| 0 eng d
020 _a983-820-039-5
082 _a868.7 MUN
100 _a黎煜才译
245 _a文西阿都拉吉兰丹游记
_c
260 _a
_b联书出版有限公司
_c1993
300 _b
650 _a马华文学
942 _cBK
_o868.7 MUN
999 _c18602
_d18592